| 000 | 01237nam a2200265 i 4500 | ||
|---|---|---|---|
| 001 | 60569 | ||
| 003 | ES-MaACL | ||
| 005 | 20240522111033.0 | ||
| 007 | t| | ||
| 008 | 031105s1936 sp |||| |dspa d | ||
| 100 | 1 |
_aEssa, Robert N. _947983 |
|
| 245 | 1 | 0 |
_aWashington Irving, genio norteamericano : _bel Shakespeare de la historia : conferencia pronunciada en el Ateneo de Madrid / _cpor Robert N. Essa. |
| 260 |
_aMadrid : _b[s.n., _c1936] ( _fImp. Murillo) |
||
| 300 |
_a23 p. ; _c23 cm. |
||
| 505 | 8 | _aContiene: Presentación del conferenciante / por Rafael Láinez Alcalá . Biografía del conferenciante / por Francisco Guardiola . Reseña publicada en el diario madrileño "El Sol" | |
| 594 | _aConferencia pronunciada el 6 o el 16 de junio de 1936 | ||
| 594 | _aPrecede al tít.: La Escuela Graduada de la Universidad de Yale (EE.UU.) | ||
| 600 | 0 | 4 |
_aIrving, Washington, _d1783-1859 _965506 |
| 610 | 2 | 4 |
_aAteneo de Madrid- _vConferencias- _y1900-1939 _91907 |
| 700 | 1 |
_aLáinez Alcalá, Rafael, _d1899-1982 _969691 |
|
| 700 | 1 |
_aGuardiola, Francisco. _9149649 |
|
| 710 | 2 |
_aAteneo de Madrid. _bSección de Literatura. _91997 |
|
| 852 | 4 |
_aES-MaACL _j1811-F-14 _z- Dedicatoria autógrafa del autor |
|
| 999 |
_c60569 _d60569 |
||